[Event "Mediterranean-ch 13th"]
[Site "Platja d'Aro"]
[Date "2023.11.05"]
[Round "3"]
[White "Banos, Oscar Francisco"]
[Black "Clot Chico, Arnau"]
[Result "1/2-1/2"]
[WhiteElo "2188"]
[BlackElo "1991"]
[PlyCount "127"]
[EventDate "2023.11.04"]
[EventType "swiss"]
[EventRounds "9"]
[EventCountry "ESP"]
[SourceTitle "CB46_2023"]
[SourceDate "2023.11.15"]
[SourceVersion "1"]
[SourceVersionDate "2023.11.15"]
[SourceQuality "1"]

1. Nf3 Nf6 2. c4 b6 3. g3 Bb7 4. Bg2 e6 5. 0-0 a6 6. b3 Be7 7. Bb2 c5 8. e3 0-0 9. d4 cxd4 10. exd4 d5 11. Nbd2 dxc4 12. bxc4 Nbd7 13. Rc1 Rc8 14. Qb3 Re8 15. Rfd1 Qc7 16. Nf1 Bd8 17. Ne3 Qb8 18. Qa4 Qa8 19. Ne5 Bxg2 20. Nxg2 Qb7 21. Nxd7 Nxd7 22. Qc2 Bg5 23. f4 Bf6 24. Qe2 Red8 25. Ne1 Qc6 26. Rd3 Nb8 27. Nf3 Qb7 28. Re3 h6 29. g4 g6 30. g5 hxg5 31. fxg5 Bg7 32. h4 Nc6 33. Re4 Na5 34. Nd2 b5 35. c5 e5 36. Bc3 b4 37. Rb1 Nc6 38. dxe5 Qe7 39. Ba1 Qxc5+ 40. Kh1 Qd5 41. Nf3 Qe6 42. Kg2 a5 43. Rc1 Ne7 44. Rec4 Rxc4 45. Qxc4 Nd5 46. Qe4 Ne7 47. Rc2 Nf5 48. Bd4 b3 49. axb3 Qxb3 50. Bf2 a4 51. Rc4 a3 52. e6 a2 53. exf7+ Kh7 54. h5 Qxc4 55. hxg6+ Kxg6 56. Nh4+ Kh5 57. Qxc4 a1Q 58. Nxf5 Qa8+ 59. Kh2 Be5+ 60. Ng3+ Bxg3+ 61. Kxg3 Qb8+ 62. Kg2 Qb7+ 63. Kg3 Qb8+ 64. Kg2 1/2-1/2

[Event "Figueres Nadal op 7th"]
[Site "Figueres"]
[Date "2017.12.29"]
[Round "5"]
[White "Clot Chico, Arnau"]
[Black "Molano Lafuente, Ismael"]
[Result "1-0"]
[WhiteElo "1905"]
[BlackElo "2092"]
[PlyCount "99"]
[EventDate "2017.12.27"]
[EventType "swiss"]
[EventRounds "8"]
[EventCountry "ESP"]
[SourceTitle "CBM 182 Extra"]
[Source "ChessBase"]
[SourceDate "2018.02.23"]
[SourceVersion "1"]
[SourceVersionDate "2018.02.23"]
[SourceQuality "1"]

1. e4 c5 2. Nf3 Nc6 3. d4 cxd4 4. Nxd4 Nf6 5. Nc3 e5 6. Ndb5 h6 7. Nd6+ Bxd6 8. Qxd6 Qe7 9. Qxe7+ Kxe7 10. Be3 d6 11. f3 Be6 12. 0-0-0 a6 13. Nd5+ Bxd5 14. exd5 Nb4 15. Bc4 Rhc8 16. Bb3 a5 17. a4 b5 18. f4 e4 19. Bd4 bxa4 20. Bxf6+ Kxf6 21. Bxa4 Nd3+ 22. Rxd3 exd3 23. Bc6 Rab8 24. c3 d2+ 25. Kc2 Rb6 26. b3 Rcb8 27. Ba4 Kf5 28. g3 Ke4 29. c4 Ke3 30. Rd1 Rc8 31. Rxd2 Rb4 32. Kc3 Rc7 33. Rd3+ Ke4 34. Rd1 Rb8 35. Bc6 g5 36. fxg5 hxg5 37. Ra1 Ra8 38. Rd1 Rcc8 39. c5 Rd8 40. Kc4 dxc5 41. Kxc5 f5 42. d6+ Ke5 43. d7 f4 44. gxf4+ gxf4 45. Kb6 Rxd7 46. Rxd7 Rh8 47. Rd5+ Ke6 48. Rd3 Rxh2 49. Kxa5 Rc2 50. Bf3 1-0

[Event "Benidorm op U2000 16th"]
[Site "Benidorm"]
[Date "2017.12.09"]
[Round "10"]
[White "Clot Chico, Arnau"]
[Black "Juez Villar, Erik"]
[Result "1-0"]
[WhiteElo "1905"]
[BlackElo "1985"]
[PlyCount "68"]
[EventDate "2017.12.01"]
[EventType "swiss"]
[EventRounds "10"]
[EventCountry "ESP"]
[SourceTitle "EXT 2019"]
[Source "ChessBase"]
[SourceDate "2018.10.10"]
[SourceVersion "1"]
[SourceVersionDate "2018.10.10"]
[SourceQuality "1"]

1. e4 c6 2. d4 d5 3. Nc3 dxe4 4. Nxe4 Bf5 5. Ng3 Bg6 6. Nf3 Nf6 7. h4 h6 8. h5 Bh7 9. Bd3 Bxd3 10. Qxd3 e6 11. Bd2 Be7 12. 0-0-0 0-0 13. Kb1 c5 14. Ne4 c4 15. Nxf6+ Bxf6 16. Qxc4 Na6 17. Qe2 Qb6 18. g4 Nc5 19. g5 hxg5 20. Bc1 Na4 21. Qc4 Qa5 22. Bd2 Nb6 23. Qe2 Qf5 24. Rhg1 g4 25. Ne5 Rac8 26. Rc1 Bxe5 27. dxe5 Rc4 28. f4 gxf3 29. Qh2 Rfc8 30. Qg3 Kf8 31. Qxg7+ Ke8 32. Bh6 Rxc2 33. Qf8+ Kd7 34. Qd6+ Ke8 1-0

[Event "Figueres op-B 18th"]
[Site "Figueres"]
[Date "2017.08.12"]
[Round "4"]
[White "Clot Chico, Arnau"]
[Black "Buenafe Moya, Jesus"]
[Result "0-1"]
[WhiteElo "1899"]
[BlackElo "1803"]
[PlyCount "112"]
[EventDate "2017.08.10"]
[EventType "swiss"]
[EventRounds "9"]
[EventCountry "ESP"]
[SourceTitle "EXT 2019"]
[Source "ChessBase"]
[SourceDate "2018.10.10"]
[SourceVersion "1"]
[SourceVersionDate "2018.10.10"]
[SourceQuality "1"]

1. e4 g6 2. d4 Bg7 3. f4 Nf6 4. Nc3 d5 5. e5 Ne4 6. Nxe4 dxe4 7. Bc4 Nc6 8. c3 Na5 9. Bb5+ Bd7 10. Qe2 Bxb5 11. Qxb5+ c6 12. Qe2 Qd5 13. Nh3 f5 14. exf6 exf6 15. Nf2 f5 16. Nd3 0-0 17. Ne5 Bxe5 18. dxe5 Rfd8 19. 0-0 Qd3 20. Kf2 Nc4 21. b3 Nb6 22. c4 Qxe2+ 23. Kxe2 Rd3 24. Be3 Rad8 25. Rfd1 Rxd1 26. Rxd1 Rxd1 27. Kxd1 Kf7 28. a4 Ke6 29. Kc2 Nc8 30. a5 b5 31. axb6 axb6 32. Kc3 Kd7 33. Kb4 Kc7 34. Kc3 c5 35. b4 Kc6 36. b5+ Kd7 37. Bf2 Ke6 38. Bh4 Kd7 39. Kd2 Ke6 40. Bd8 Kd7 41. Bh4 Ke6 42. Ke3 Kd7 43. Kf2 Ke6 44. Kg3 h6 45. Bf6 Nd6 46. Bg7 Nxc4 47. Bxh6 Na3 48. Kf2 Nxb5 49. Ke2 Nd4+ 50. Kd2 b5 51. h3 b4 52. g4 c4 53. Bf8 c3+ 54. Kc1 b3 55. gxf5+ Kxf5 56. Ba3 e3 0-1

[Event "Sant Gregori Ajuntament op 2nd"]
[Site "Sant Gregori"]
[Date "2017.07.08"]
[Round "7.2"]
[White "Diaz Comas, Jordi"]
[Black "Clot Chico, Arnau"]
[Result "0-1"]
[WhiteElo "2068"]
[BlackElo "2103"]
[PlyCount "70"]
[EventDate "2017.07.03"]
[EventType "swiss"]
[EventRounds "7"]
[EventCountry "ESP"]
[SourceTitle "EXT 2024"]
[Source "ChessBase"]
[SourceDate "2023.10.10"]
[SourceVersion "1"]
[SourceVersionDate "2023.10.10"]
[SourceQuality "1"]

1. d4 Nf6 2. c4 g6 3. Nc3 d5 4. Nf3 Bg7 5. g3 0-0 6. Bg2 c5 7. cxd5 Nxd5 8. e4 Nxc3 9. bxc3 Bg4 10. Be3 Nc6 11. e5 Qa5 12. Qd2 Rfd8 13. h3 Bxf3 14. Bxf3 Nxe5 15. Bxb7 Rab8 16. Bg2 Nc4 17. Qd3 Nxe3 18. fxe3 cxd4 19. 0-0 dxc3 20. Qc4 e6 21. Rac1 Qe5 22. Qf4 Qxf4 23. gxf4 Rd2 24. Rf2 Rbb2 25. Rxd2 cxd2 26. Rd1 Rxa2 27. Kf2 a5 28. Bc6 a4 29. Bb5 a3 30. Bc4 Rc2 31. Bb3 Rb2 32. Bc4 a2 33. Ke2 Kf8 34. e4 Bh6 35. Ra1 Rb1 0-1

[Event "Sant Gregori Ajuntament op 2nd"]
[Site "Sant Gregori"]
[Date "2017.07.05"]
[Round "3.2"]
[White "Clot Chico, Arnau"]
[Black "Mayor Sanchez, Angel"]
[Result "1-0"]
[WhiteElo "2103"]
[BlackElo "2164"]
[PlyCount "59"]
[EventDate "2017.07.03"]
[EventType "swiss"]
[EventRounds "7"]
[EventCountry "ESP"]
[SourceTitle "EXT 2024"]
[Source "ChessBase"]
[SourceDate "2023.10.10"]
[SourceVersion "1"]
[SourceVersionDate "2023.10.10"]
[SourceQuality "1"]

1. e4 c5 2. Nf3 Nf6 3. Nc3 d6 4. d4 cxd4 5. Nxd4 a6 6. Be3 e5 7. Nb3 Be6 8. f3 Nbd7 9. Qd2 b5 10. 0-0-0 Nb6 11. Qf2 Nc4 12. Bxc4 bxc4 13. Nc5 Qc7 14. Nxe6 fxe6 15. Kb1 Qc6 16. Qg3 g6 17. h4 Be7 18. Bc1 0-0-0 19. Rhe1 Kb7 20. Qh3 Qd7 21. f4 exf4 22. e5 Nd5 23. exd6 Qxd6 24. Nxd5 exd5 25. Bxf4 Qxf4 26. Rxe7+ Kc6 27. Qa3 Qd6 28. Qxa6+ Kc5 29. Qa7+ Kc6 30. Qb7+ 1-0

[Event "Pont Major Gerunda op 1st"]
[Site "Pont Major"]
[Date "2016.05.20"]
[Round "7"]
[White "Vidal Zamora, Alex"]
[Black "Clot Chico, Arnau"]
[Result "1-0"]
[WhiteElo "2252"]
[BlackElo "1917"]
[PlyCount "67"]
[EventDate "2016.04.08"]
[EventType "swiss"]
[EventRounds "9"]
[EventCountry "ESP"]
[SourceTitle "EXT 2017"]
[Source "ChessBase"]
[SourceDate "2016.10.25"]
[SourceVersion "1"]
[SourceVersionDate "2016.10.25"]
[SourceQuality "1"]

1. Nf3 Nf6 2. g3 c5 3. c4 b6 4. Bg2 Bb7 5. Nc3 e6 6. 0-0 Be7 7. b3 0-0 8. Bb2 d6 9. d4 cxd4 10. Qxd4 a6 11. Rfd1 Qc7 12. Rac1 Nbd7 13. h3 Rac8 14. Ng5 Bxg2 15. Kxg2 Qb7+ 16. Kg1 Rfd8 17. Qe3 b5 18. cxb5 axb5 19. Qd3 Rc5 20. Nce4 Rd5 21. Nxf6+ Nxf6 22. Qf3 Rxd1+ 23. Rxd1 d5 24. Qd3 h6 25. Bxf6 Bxf6 26. Qh7+ Kf8 27. Ne4 Be5 28. Nc5 Qa7 29. Nd3 Bf6 30. Rc1 Ke7 31. Nb4 Qa3 32. Nc6+ Kd6 33. Rc2 Rc8 34. Nd4 1-0

[Event "Pont Major Gerunda op 1st"]
[Site "Pont Major"]
[Date "2016.04.29"]
[Round "4"]
[White "Carrasco Holgado, David"]
[Black "Clot Chico, Arnau"]
[Result "1-0"]
[WhiteElo "2066"]
[BlackElo "1917"]
[PlyCount "53"]
[EventDate "2016.04.08"]
[EventType "swiss"]
[EventRounds "9"]
[EventCountry "ESP"]
[SourceTitle "EXT 2017"]
[Source "ChessBase"]
[SourceDate "2016.10.25"]
[SourceVersion "1"]
[SourceVersionDate "2016.10.25"]
[SourceQuality "1"]

1. e4 Nf6 2. e5 Nd5 3. d4 d6 4. c4 Nb6 5. f4 dxe5 6. fxe5 Nc6 7. Be3 Bf5 8. Nc3 e6 9. Nf3 Qd7 10. Be2 Be7 11. 0-0 0-0-0 12. a3 Na5 13. b3 g5 14. d5 g4 15. Nd4 Bg6 16. dxe6 fxe6 17. Bxg4 Bg5 18. Bxg5 Qxd4+ 19. Qxd4 Rxd4 20. Bxe6+ Kb8 21. c5 Nd7 22. b4 Nc6 23. Bxd7 Rxd7 24. Rad1 Nxe5 25. Bf6 Rxd1 26. Rxd1 Re8 27. Bxe5 1-0